Ученые - наследники пророков. Т. 1 (Запись № 13466002)

Подробности
000 -МАРКЕР
контрольное поле 01396nam2a2200241 4500
001 - ИДЕНТИФИКАТОР ЗАПИСИ
контрольное поле RU\NLR\BIBL_A\022636532
005 - ИДЕНТИФИКАТОР ВЕРСИИ
контрольное поле 20251127143005.0
010 ## - МЕЖДУНАРОДНЫЙ СТАНДАРТНЫЙ НОМЕР КНИГИ (ISBN)
Номер (ISBN) 978-5-907653-72-6
Уточнения т. 1
021 ## - НОМЕР ГОСУДАРСТВЕННОЙ РЕГИСТРАЦИИ
Код страны Российская Федерация
Номер КН-П-25-048566
Номер Листа государственной регистраци КН-П-25-4700
035 ## - ДРУГИЕ СИСТЕМНЫЕ НОМЕРА
Идентификатор записи (NLR Aleph) 022636532
100 ## - ДАННЫЕ ОБЩЕЙ ОБРАБОТКИ
Данные общей обработки 20251003d2024 k y0rusy50 ca
101 0# - ЯЗЫК РЕСУРСА
Язык текста, звукозаписи и т.д. русский
102 ## - СТРАНА ПУБЛИКАЦИИ ИЛИ ПРОИЗВОДСТВА
Страна публикации Российская Федерация
105 ## - ПОЛЕ КОДИРОВАННЫХ ДАННЫХ: ТЕКСТОВЫЕ МАТЕРИАЛЫ, МОНОГРАФИЧЕСКИЕ
Кодированные данные о монографическом текстовом документе ach z 010yd
200 0# - ЗАГЛАВИЕ И СВЕДЕНИЯ ОБ ОТВЕТСТВЕННОСТИ
Основное заглавие Т. 1
210 ## - ПУБЛИКАЦИЯ, РАСПРОСТРАНЕНИЕ И ДР.
Дата издания, распространения и т.д. 2024
215 ## - ФИЗИЧЕСКАЯ ХАРАКТЕРИСТИКА
Специфическое обозначение материала и объем 597, [2] с.
Другие сведения о физической характеристике ил., цв. ил., портр., факс.
461 #0 - УРОВЕНЬ НАБОРА
Встроенное поле 001RU\NLR\BIBL_A\022636517
-- 2001#$aУченые - наследники пророков$dThe scholars are the heirs of the prophets$eсборник статей к 80-летию М. Б. Пиотровского$eв 2 т.$fГосударственный Эрмитаж$g[редакторы: Е. В. Дианова и др.]$gфотографы: Д. А. Боброва [и др.]$zeng$vТ. 1
Системный номер (АБИС) связанной записи 13472010
Место публикации Санкт-Петербург
Дата публикации 2024
Первые сведения об ответственности Государственный Эрмитаж
Параллельное заглавие The scholars are the heirs of the prophets
Имя издателя, распространителя и т.д. Изд-во Государственного Эрмитажа
Сведения, относящиеся к заглавию сборник статей к 80-летию М. Б. Пиотровского : в 2 т.
Заглавие Ученые - наследники пророков
ISBN 978-5-907653-71-9
Номер тома Т. 1
942 ## - ДОПОЛНИТЕЛЬНЫЕ ЭЛЕМЕНТЫ ЗАПИСИ (АБИС)
Тип экземпляра АБИС Книга
980 ## - КОЛЛЕКЦИЯ
Название коллекции Национальная библиография

Нет доступных экземпляров.